Report of the Commission on land colonization and rural credits of the state of California. November 29, 1916.

Bibliographic Details
Corporate Author: California. Commission on Land Colonization and Rural Credits
Other Authors: Mead, Elwood, 1858-1936
Format: Book
Language:English
Published: Sacramento : California state printing office, 1916.
Subjects:

MARC

Tag First Indicator Second Indicator Subfields
LEADER 00000cam a2200000 4500
001 in00000081480
005 20151008053000.0
008 800514s1916 caua s00010 eng
010 |a  17027003  
035 |a (OCoLC)06318819 
035 |9 AAH5728AM 
040 |a DLC  |c TXA  |d UtOrBLW 
049 |a TXAM  |c [94811] 
050 0 |a HD184.C2  |b A6 1916 
092 |a 332.71  |b C153r 
110 1 |a California.  |b Commission on Land Colonization and Rural Credits. 
245 1 0 |a Report of the Commission on land colonization and rural credits of the state of California. November 29, 1916. 
264 1 |a Sacramento :  |b California state printing office,  |c 1916. 
300 |a 87 pages including tables. ;  |c 23 cm. 
336 |a text  |b txt  |2 rdacontent 
337 |a unmediated  |b n  |2 rdamedia 
338 |a volume  |b nc  |2 rdacarrier 
500 |a Elwood Mead, chairman. 
650 0 |a Agricultural colonies  |z California. 
650 0 |a Land tenure  |z California. 
650 0 |a Agricultural credit  |z California. 
700 1 |a Mead, Elwood,  |d 1858-1936. 
999 |a MARS 
999 f f |s cffec6fe-4dc9-3ff1-9d35-5f666d81204f  |i 04909e06-9d22-3621-aa7f-4af262d94c1a  |t 0 
952 f f |p ric  |a Texas A&M University  |b Rellis Campus  |c Joint Library Facility  |d Remote Storage  |t 0  |e HD184.C2 A6 1916  |h Library of Congress classification  |i unmediated -- volume  |m A14800738197 
998 f f |a HD184.C2 A6 1916  |t 0  |l Remote Storage